Forensic assessment of violence risk : (Record no. 15)
[ view plain ]
| 000 -LEADER | |
|---|---|
| fixed length control field | 01807cam a22003494a 4500 |
| 005 - DATE AND TIME OF LATEST TRANSACTION | |
| control field | 20260415060944.0 |
| 008 - FIXED-LENGTH DATA ELEMENTS--GENERAL INFORMATION | |
| fixed length control field | data |
| 010 ## - LIBRARY OF CONGRESS CONTROL NUMBER | |
| LC control number | 2007011148 |
| 020 ## - INTERNATIONAL STANDARD BOOK NUMBER | |
| International Standard Book Number | 9780470049334 (cloth) |
| 020 ## - INTERNATIONAL STANDARD BOOK NUMBER | |
| International Standard Book Number | 0470049332 (cloth) |
| 020 ## - INTERNATIONAL STANDARD BOOK NUMBER | |
| International Standard Book Number | 0470049332 |
| 040 ## - CATALOGING SOURCE | |
| Original cataloging agency | DLC |
| Transcribing agency | DLC |
| Modifying agency | YDXCP |
| -- | BTCTA |
| -- | C#P |
| -- | YDXCP |
| 041 09 - LANGUAGE CODE | |
| Language code of text/sound track or separate title | eng |
| 042 ## - AUTHENTICATION CODE | |
| Authentication code | nlmcopyc |
| 049 ## - LOCAL HOLDINGS (OCLC) | |
| Holding library | NLMM |
| 050 00 - LIBRARY OF CONGRESS CALL NUMBER | |
| Classification number | RC569.5.V55 |
| Item number | C665 2007 |
| 060 10 - NATIONAL LIBRARY OF MEDICINE CALL NUMBER | |
| Classification number | W 860 |
| Item number | C754f 2007 |
| 082 00 - DEWEY DECIMAL CLASSIFICATION NUMBER | |
| Classification number | 616.85/82 |
| Edition information | 22 |
| 001 - CONTROL NUMBER | |
| control field | data |
| 100 1# - MAIN ENTRY--PERSONAL NAME | |
| Personal name | Conroy, Mary Alice, |
| Dates associated with a name | 1945- |
| 245 10 - TITLE STATEMENT | |
| Title | Forensic assessment of violence risk : |
| Remainder of title | a guide for risk assessment and risk management / |
| Statement of responsibility, etc. | Mary Alice Conroy & Daniel C. Murrie. |
| 260 ## - PUBLICATION, DISTRIBUTION, ETC. | |
| Place of publication, distribution, etc. | Hoboken, N.J. : |
| Name of publisher, distributor, etc. | John Wiley & Sons, |
| Date of publication, distribution, etc. | c2007. |
| 300 ## - PHYSICAL DESCRIPTION | |
| Extent | xi, 370 p. ; |
| Dimensions | 25 cm. |
| 504 ## - BIBLIOGRAPHY, ETC. NOTE | |
| Bibliography, etc. note | Includes bibliographical references (p. 309-352) and index. |
| 505 0# - FORMATTED CONTENTS NOTE | |
| Formatted contents note | Historical overview of risk assessment -- Introducing a broad model for risk assessment -- Risk of what? Defining the referral question -- What do we know overall? Consider normative data and population base rates -- What do we know about individuals like this one? Empirically supported risk and protective factors -- What do we know about this individual? Idiographic factors and the need for individualized assessment -- What can we say about the results of a risk assessment? Risk communication -- From risk assessment to risk management -- Risk assessment of patients with serious mental illness -- Risk assessment with sexual offenders -- Risk assessment with juvenile offenders -- Risk assessment of death penalty defendants. |
| 650 12 - SUBJECT ADDED ENTRY--TOPICAL TERM | |
| Topical term or geographic name entry element | Violence |
| General subdivision | psychology |
| 650 22 - SUBJECT ADDED ENTRY--TOPICAL TERM | |
| Topical term or geographic name entry element | Risk Assessment |
| General subdivision | methods |
| 650 22 - SUBJECT ADDED ENTRY--TOPICAL TERM | |
| Topical term or geographic name entry element | Risk Management |
| General subdivision | methods |
| 650 22 - SUBJECT ADDED ENTRY--TOPICAL TERM | |
| Topical term or geographic name entry element | Forensic Psychiatry |
| General subdivision | methods |
| 700 1# - ADDED ENTRY--PERSONAL NAME | |
| Personal name | Murrie, Daniel C., |
| Dates associated with a name | 1974- |
| 994 ## - | |
| -- | CDN |
| -- | 20071128 |
| Withdrawn status | Lost status | Damaged status | Not for loan | Home library | Current library | Shelving location | Date acquired | Total checkouts | Full call number | Barcode | Date last seen | Price effective from | Koha item type |
|---|---|---|---|---|---|---|---|---|---|---|---|---|---|
| Franklin | Franklin | General stacks | 22/03/2026 | 616.85/82 22 | BC0010015 | 22/03/2026 | 22/03/2026 | Books |